000 00375nam a2200133Ia 4500
008 240624s9999 xx 000 0 und d
041 _aeng
082 _a658.4 MAU
100 _aMAUBOUSSIN MICHAEL J
245 _aTHINK TWICE HARNESSING THE POWER OF COUN
260 _c2009
_aBoston
_bHarvard Business School Press
300 _axxiv, : 190 : p. : cm. ; 24
365 _cRS
_b30
999 _c14509
_d14509